Aktívne opatrenia trhu práce so zameraním na znevýhodnené skupiny nezamestnaných (komparácia SR a ČR) diplomová práca

Enregistré dans:
Détails bibliographiques
Auteur principal: Potúčková, Romana
Collectivité auteur: Národohospodárska fakulta EU. Katedra sociálneho rozvoja a práce
Autres auteurs: Rievajová, Eva
Format: Livre
Langue:slovaque
Publié: Bratislava 2010
Tags: Ajouter un tag
Pas de tags, Soyez le premier à ajouter un tag!

MARC

LEADER 00000nam a2200000 4500
001 0118422
005 20240318121647.3
041 0 |a slo 
044 |a SK 
245 1 0 |a Aktívne opatrenia trhu práce so zameraním na znevýhodnené skupiny nezamestnaných (komparácia SR a ČR)  |b diplomová práca  |c Romana Potúčková ; škol. Eva Rievajová 
264 1 |a Bratislava  |c 2010 
300 |a 86 s. 
100 1 |a Potúčková, Romana 
700 1 |a Rievajová, Eva 
710 2 |a Národohospodárska fakulta EU. Katedra sociálneho rozvoja a práce